Тенденции и перспективы высшей школы на постсоветском пространстве: монография

Xehetasun bibliografikoak
Erakunde egilea: Национальный исследовательский Томский политехнический университет (ТПУ)
Beste egile batzuk: Ведяшкин М. В. Максим Викторович, Макаров А. В. Анатолий Васильевич, Перфильев Ю. С. Юрий Серафимович, Суржикова О. А. Ольга Анатольевна, Федин В. Т. Виктор Тимофеевич
Gaia:Заглавие с титульного экрана
Режим доступа: из корпоративной сети ТПУ
Hizkuntza:errusiera
Argitaratua: Томск, Изд-во ТПУ, 2015
Gaiak:
Sarrera elektronikoa:http://www.lib.tpu.ru/fulltext2/m/2015/m283.pdf
Formatua: Baliabide elektronikoa Liburua
KOHA link:https://koha.lib.tpu.ru/cgi-bin/koha/opac-detail.pl?biblionumber=302205

MARC

LEADER 00000nlm0a2200000 4500
001 302205
005 20231102001459.0
035 |a (RuTPU)RU\TPU\book\327402 
090 |a 302205 
100 |a 20150819d2015 k y0rusy50 ca 
101 0 |a rus 
102 |a RU 
105 |a a z 001zy 
135 |a drcn ---uucaa 
181 0 |a i  
182 0 |a b 
200 1 |a Тенденции и перспективы высшей школы на постсоветском пространстве  |b Электронный ресурс  |e монография  |f М. В. Ведяшкин [и др.]  |g Национальный исследовательский Томский политехнический университет (ТПУ) 
203 |a Текст  |c электронный 
210 |a Томск  |c Изд-во ТПУ  |d 2015 
230 |a 1 компьютерный файл (pdf; 2.3 MB) 
300 |a Заглавие с титульного экрана 
333 |a Режим доступа: из корпоративной сети ТПУ 
337 |a Adobe Reader 
606 1 |a Высшее образование  |x В СССР  |2 stltpush  |3 (RuTPU)RU\TPU\subj\3994  |9 32314 
610 1 |a электронный ресурс 
610 1 |a монографии 
610 1 |a труды учёных ТПУ 
610 1 |a высшее образование 
610 1 |a Беларусь 
610 1 |a качество 
610 1 |a образование 
610 1 |a обучение 
610 1 |a учебные планы 
610 1 |a Казахстан 
610 1 |a Украина 
610 1 |a магистерские программы 
610 1 |a Латвия 
610 1 |a многоуровневое образование 
610 1 |a Кыргызстан 
610 1 |a Болонский процесс 
610 1 |a Азербайджан 
610 1 |a вузы 
610 1 |a вузовские организации 
610 1 |a вузовское образование 
686 |a Ч484(2)  |v LBC/SL-A  |2 rubbk 
701 1 |a Ведяшкин  |b М. В.  |c специалист в области электромеханики, электрических двигателей  |f 1978-  |g Максим Викторович  |2 stltpush  |3 (RuTPU)RU\TPU\pers\28336 
701 1 |a Макаров  |b А. В.  |g Анатолий Васильевич 
701 1 |a Перфильев  |b Ю. С.  |g Юрий Серафимович 
701 1 |a Суржикова  |b О. А.  |c экономист, специалист в области менеджмента  |c старший научный сотрудник Томского политехнического университета, кандидат экономических наук  |f 1982-  |g Ольга Анатольевна  |2 stltpush  |3 (RuTPU)RU\TPU\pers\29835 
701 1 |a Федин  |b В. Т.  |g Виктор Тимофеевич 
712 0 2 |a Национальный исследовательский Томский политехнический университет (ТПУ)  |c (2009- )  |2 stltpush  |3 (RuTPU)RU\TPU\col\15902 
801 1 |a RU  |b 63413507  |c 20150819 
801 2 |a RU  |b 63413507  |c 20160607  |g RCR 
856 4 |u http://www.lib.tpu.ru/fulltext2/m/2015/m283.pdf 
942 |c CF